A jedrez y damas profesional [juego] / mar plast

Guardado en:
Formato: Objeto Físico
Publicado: China : Argentina : Mar Plast, [200?]
Materias:
Etiquetas: Agregar Etiqueta
Sin Etiquetas, Sea el primero en etiquetar este registro!
LEADER 01382nrm a22002775g 4500
001 CEM.cems019405
008 130507b200?##################0###0#####d
005 20220830173439.0
245 0 0 |a A jedrez y damas profesional [juego] /  |b mar plast  |c San Remo : 
260 |a China :  |b  Argentina :  |b Mar Plast,  |c [200?] 
300 |a 1 juego (1 tablero de dos caras-ajedrez-damas, 64 piezas ajedrez, 24 fichas damas) ; en caja 27 x 51 x 6 cm. + manual de instrucciones. 
500 |a Para 2 jugadores a partir de 7 años objetivo: ser mejor estratega que tu compañero. 
082 0 4 |a J794.1 
653 |a 1. juegos de estrategia tradicional 
653 |a 2. juego de ajedrez 
653 |a 3. juego de damas 
859 |a CEMS  |b BIB. CEMS - Ludoteca  |h J794.1  |i Sa54  |p 242.01  |t Ej.1 
859 |a CEMS  |b BIB. CEMS - Ludoteca  |h J794.1  |i Sa54  |p 243.01  |t Ej.2 
859 |a CEMS  |b BIB. CEMS - Ludoteca  |h J794.1  |i Sa54  |p 244.01  |t Ej.3 
859 |a CEMS  |b BIB. CEMS - Ludoteca  |h J794.1  |i Sa54  |p 245.01  |t Ej.4 
859 |a CEMS  |b BIB. CEMS - Ludoteca  |h J794.1  |i Sa54  |p 246.01  |t Ej.5 
859 |a CEMS  |b BIB. CEMS - Ludoteca  |h J794.1  |i Sa54  |p 247.01  |t Ej.6 
859 |a CEMS  |b BIB. CEMS - Ludoteca  |h J794.1  |i Sa54  |p 248.01  |t Ej.7 
859 |a CEMS  |b BIB. CEMS - Ludoteca  |h J794.1  |i Sa54  |p 249.01  |t Ej.8 
859 |a CEMS  |b BIB. CEMS - Ludoteca  |h J794.1  |i Sa54  |p 250.01  |t Ej.9 
859 |a CEMS  |b BIB. CEMS - Ludoteca  |h J794.1  |i Sa54  |p 251.01  |t Ej.10